Complete the film title (Ben Affleck) - Statistics

General Stats
  • This quiz has been taken 48 times
  • The average score is 12 of 15
Answer Stats
Film Title % Correct
Good Will {Hunting}
100%
Pearl {Harbor}
100%
Dazed and {Confused}
95%
Shakespeare in {Love}
92%
He's Just Not That Into {You}
89%
Gone {Girl}
87%
Justice {League}
87%
Suicide {Squad}
87%
Jay and Silent Bob Strike {Back}
82%
Batman v Superman: Dawn of {Justice}
71%
Forces of {Nature}
66%
The Sum of All {Fears}
66%
Chasing {Amy}
63%
Reindeer {Games}
61%
Changing {Lanes}
50%
No matching quizzes found
Score Distribution
Percent of People with Each Score
Percentile by Number Answered
Your Score History
You have not taken this quiz